| 000 | 00760nam a2200169Ia 4500 | ||
|---|---|---|---|
| 999 |
_c53895 _d53895 |
||
| 003 | GCL | ||
| 005 | 20240530105212.0 | ||
| 008 | 140319s9999 xx 000 0 ara d | ||
| 040 |
_aGCL / _cGCL |
||
| 082 | 0 | 4 |
_a229.3/ _bن أ |
| 100 | 1 | _aالنووى، ابو زكريا يحيى بن شرف بن مرى بن حسن الحزامى الحورانى الشافعى | |
| 245 | 1 | 0 |
_aالاذكار المنتخبة من كلام سيد الابرار صلى الله عليه وسلم / _cابو زكريا يحيى بن شرف النووى بن مرى بن حسن الحزامى الحورانى الشافعى |
| 260 |
_a[S.N] : _bالمكتبة الثقافية |
||
| 650 | 0 | 4 | _aالادعية والاوراد |
| 700 | 1 | _aابن علان | |
| 942 |
_2ddc _cBK |
||